000 00295nam a22001337a 4500
008 170127b xxu||||| |||| 00| 0 eng d
020 _a002-030629
041 _aeng
080 _22ND
_a61
100 _a3
101 _aSHM
245 _aCLINICALDELEGATION SKILLS
_cHANSTEN, R.I
942 _2udc
_cBK
999 _c3894
_d3894